000 00605nam a2200193Ia 4500
003 GCL
008 140319s9999 xx 000 0 ara d
040 _aGCL /
_cGCL
082 0 4 _a823.03
_bم ا
100 1 _aمحمود ابراهيم الدسوقى
245 1 0 _aاقاصيص هانس اندرسون /
_cمحمود ابراهيم الدسوقى
300 _a380 ص
490 _aالالف كتاب
_v0
650 0 4 _aالقصص الانجليزية
650 0 4 _aالادب الانجليزى
650 0 4 _aالقصص
650 0 4 _aالادب الانجليزى المترجم
942 _2ddc
_cBK
999 _c38551
_d38551